000
00285nam a2200097Ia 4500
008
231107s2005 xx 000 0 und d
041
_a
eng
100
_a
Dwivedi Sharada
245
_a
A City Legacy : The Indian Navy,s Heritage in Mumbai
260
_a
Mumbai
_b
Eminence Design Limited
_c
2005
999
_c
930620
_d
930620